BIBLIOTHÈQUE DE LA MAISON DU MEXIQUE

Logo 1 Logo 2

Nochistlán de Zacatecas (notice nᵒ 10101)

détails MARC
000 -Sello discográfico
campo de control de longitud fija 00793nam a2200265 4500
005 - Identificación de versión
campo de control 20250925141425.0
035 ## - Otros números de control del sistema
Número de control del sistema 5696
099 ## - fechas locales
Tipo de ítem Koha LIBRO
100 ## - Datos de procesamiento general
Datos de procesamiento general 20031211d1960 m y1spay5003 ba
105 ## - Campo de datos codificados: Material textual, monográfico
Datos codificados de monografía a 001zy
200 1# - Título y mención de responsabilidad
Título propio Nochistlán de Zacatecas
Designación general del material texto impreso
Otra información del título cuatro siglos de su vida
Primer mención de responsabilidad Clotilde Evelia Quirarte
210 ## - Publicación, distribución, etc.
Lugar de publicación, distribución, etc. México
Nombre del editor, distribuidor, etc. Secretaría de Educación Pública
Fecha de publicación, distribución, etc. 1960
215 ## - Descripción física
Designación de material específico y extensión del ítem 226 p
Otras características físicas il.
Dimensiones 23 cm
345 ## - Nota de información de adquisición
Fuente de adquisición/dirección de la suscripción [OBSOLETO] Donación
607 ## - Nombre geográfico utilizado como tema
Elemento de entrada Nochistlán, Zacatecas (México)
Subdivisión temática Historia
Número Koha 16643
660 ## - Código de área geográfica
Código MX
700 ## - Nombre personal - Responsabilidad primaria
Elemento de entrada Quirarte
Parte del nombre distinta del elemento de entrada Clotilde Evelia
Fechas 1890-1983
Número Koha 16644
801 #0 - Fuente de origen
Agencia cm
900 ## -
-- 1/5436
900 ## -
-- 7100317197\111203
942 ## - ELEMENTOS DE ENTRADA SECUNDARIOS (KOHA)
Tipo de ítem Koha Livre
996 ## -
-- MEX
-- 751145101
-- MMAG
-- 013063
-- 972.41 Q8N
-- 20250625LIV
Exemplaires
Estatus retirado Estado de daño Estado de pérdida Fecha de adquisición Biblioteca de origen Biblioteca actual Ubicación en estantería Código de barras Precio de reemplazo Signatura topográfica completa No para préstamo Tipo de ítem Koha Nota pública Nota no pública
      05/08/2025 Casa México Paris Casa México Paris   013063 05/08/2025 972.41 Q8N   Livre 20250625LIV 751145101